Средства автоматизации и управления: учебник для вузов

Podrobná bibliografie
Hlavní autor: Соснин О. М. Олег Михайлович
Další autoři: Схиртладзе А. Г. Александр Георгиевич
Shrnutí:Учебник создан в соответствии с Федеральным государственным образовательным стандартом по направлению подготовки 220700 «Автоматизация технологических процессов и производств» (квалификация «бакалавр»). Рассмотрены современные технические и программные средства автоматизации, используемые в промышленности: электрические, электронные, гидравлические, пневматические и комбинированные, в том числе датчики и исполнительные механизмы, средства построения промышленных информационных сетей, микропроцессорные и компьютерные устройства. Приведены сведения об АСУТП, их структуре и этапах разработки, используемых средствах автоматизации. Для студентов учреждений высшего образования.
Jazyk:ruština
Vydáno: Москва, Академия, 2014
Edice:Высшее образование. Бакалавриат
Автоматизация и управление
Témata:
Médium: MixedMaterials Kniha
KOHA link:https://koha.lib.tpu.ru/cgi-bin/koha/opac-detail.pl?biblionumber=264023

MARC

LEADER 00000nam0a2200000 4500
001 264023
005 20231101233807.0
010 |a 9785446809165 
035 |a (RuTPU)RU\TPU\book\287014 
090 |a 264023 
100 |a 20140616d2014 m y0rusy50 ca 
101 0 |a rus 
102 |a RU 
105 |a a j 001zy 
200 1 |a Средства автоматизации и управления  |e учебник для вузов  |f О. М. Соснин, А. Г. Схиртладзе 
210 |a Москва  |c Академия  |d 2014 
215 |a 236 с.  |c ил. 
225 1 |a Высшее образование. Бакалавриат 
225 1 |a Автоматизация и управление 
320 |a Библиогр.: с. 232-233. 
330 |a Учебник создан в соответствии с Федеральным государственным образовательным стандартом по направлению подготовки 220700 «Автоматизация технологических процессов и производств» (квалификация «бакалавр»). Рассмотрены современные технические и программные средства автоматизации, используемые в промышленности: электрические, электронные, гидравлические, пневматические и комбинированные, в том числе датчики и исполнительные механизмы, средства построения промышленных информационных сетей, микропроцессорные и компьютерные устройства. Приведены сведения об АСУТП, их структуре и этапах разработки, используемых средствах автоматизации. Для студентов учреждений высшего образования. 
452 1 |0 (RuTPU)RU\TPU\book\314657  |y 978-5-4468-0916-5  |t Средства автоматизации и управления  |o учебник для вузов  |f О. М. Соснин, А. Г. Схиртладзе  |c Москва  |n Академия  |d 2014  |p 1 Мультимедиа CD-ROM  |s Автоматизация и управление  |a Соснин, Олег Михайлович 
606 1 |a Промышленные предприятия  |x Автоматизация  |2 stltpush  |3 (RuTPU)RU\TPU\subj\72895  |9 86250 
610 1 |a технологические процессы 
610 1 |a управляющие устройства 
610 1 |a системы автоматизации 
610 1 |a датчики 
610 1 |a исполнительные механизмы 
610 1 |a исполнительные устройства 
610 1 |a информатизация 
610 1 |a преобразование 
610 1 |a алгоритмы 
610 1 |a технические средства 
610 1 |a АСУ ТП 
610 1 |a автоматические системы управления технологическими процессами 
610 1 |a программные средства 
610 1 |a проектирование 
610 1 |a учебники 
675 |a 658.512.4.011.56(075.8)  |v 3 
700 1 |a Соснин  |b О. М.  |g Олег Михайлович 
701 1 |a Схиртладзе  |b А. Г.  |g Александр Георгиевич 
801 1 |a RU  |b 63413507  |c 20140616 
801 2 |a RU  |b 63413507  |c 20150716  |g RCR 
900 |a Средства автоматизации и управления 
900 |a Автоматизация технологических процессов 
900 |a Автоматизация производственных процессов 
942 |c BK 
951 |b 220700  |l 8.1 
959 |a 106/20140616  |d 7  |e 387,00  |f ЧЗТЛ:1  |f АНЛ:1  |f УФ:5